000 00248nam a22001217a 4500
082 _a821
_bCHA/W
100 _aCHALLENGE,S
245 _aWEEPING OF A SOUL
260 _aTRIVANDRUM
_bPEN BOOKS
300 _a83
650 _aPOEMS
_zKERALA
942 _cBK
999 _c4006
_d4006